Pravdepodobnosť a štatistika v geodézii a geofyzike

Salvato in:
Dettagli Bibliografici
Autore principale: Kubáčková, Ludmila
Altri autori: Kubáček, Lubomír, Kukuča, Ján
Natura: Libro
Lingua:slovacco
Pubblicazione: Bratislava Veda 1982
Tags: Aggiungi Tag
Nessun Tag, puoi essere il primo ad aggiungerne!!

MARC

LEADER 00000nam a2200000 4500
001 c127843
005 20041019155241.8
041 0 |a slo 
044 |a SK 
245 1 0 |a Pravdepodobnosť a štatistika v geodézii a geofyzike  |c Ludmila Kubáčková, Lubomír Kubáček, Ján Kukuča 
264 1 |a Bratislava  |b Veda  |c 1982 
300 |a 326 s. 
100 1 |a Kubáčková, Ludmila 
700 1 |a Kubáček, Lubomír 
700 1 |a Kukuča, Ján